The science of biology (Record no. 7732)
[ view plain ]
| 000 -LEADER | |
|---|---|
| fixed length control field | 00793cam a2200301 4500 |
| 001 - CONTROL NUMBER | |
| JCCL Control Number | 7732 |
| 003 - CONTROL NUMBER IDENTIFIER | |
| JCCL marc code | BD-JhCC |
| 005 - DATE AND TIME OF LATEST TRANSACTION | |
| control field | 20180213125504.0 |
| 008 - FIXED-LENGTH DATA ELEMENTS--GENERAL INFORMATION | |
| fixed length control field | 710402s1971 nyua b 001 0 eng |
| 020 ## - INTERNATIONAL STANDARD BOOK NUMBER | |
| International Standard Book Number | 0070691320 |
| 035 ## - SYSTEM CONTROL NUMBER | |
| system control number | ocm00129193 |
| 035 ## - SYSTEM CONTROL NUMBER | |
| system control number | (BD-JhCC)7732 |
| 035 ## - SYSTEM CONTROL NUMBER | |
| system control number | 140453 |
| 040 ## - CATALOGING SOURCE | |
| Original cataloging agency | DLC |
| Transcribing agency | DLC |
| Modifying agency | OCL |
| -- | UBA |
| -- | CUD |
| -- | BD-JhCC |
| 041 ## - LANGUAGE CODE | |
| Language code of Book | eng |
| 050 0# - LIBRARY OF CONGRESS CALL NUMBER | |
| Classification number | QH308.2 |
| Item number | .W45 1971 |
| 082 ## - DEWEY DECIMAL CLASSIFICATION NUMBER | |
| Classification number | 574 |
| Author mark and Year | WEI 1971 |
| 100 1# - MAIN ENTRY--PERSONAL NAME | |
| Personal name | Weisz, Paul B., |
| Dates associated with a name | 1921- |
| 245 14 - TITLE STATEMENT | |
| Title | The science of biology |
| Statement of responsibility, etc | [by] Paul B. Weisz. |
| 250 ## - EDITION STATEMENT | |
| Edition statement | 4th ed. |
| 260 ## - PUBLICATION, DISTRIBUTION, ETC. (IMPRINT) | |
| Place of publication, distribution, etc | New York, |
| Name of publisher, distributor, etc | McGraw-Hill |
| Date of publication, distribution, etc | [1971] |
| 300 ## - PHYSICAL DESCRIPTION | |
| Pagination | xiv, 656 p. |
| Other physical details | illus. (part col.) |
| Dimensions | 24 cm. |
| 504 ## - BIBLIOGRAPHY, ETC. NOTE | |
| Bibliography, etc | Includes bibliographies. |
| 650 #0 - SUBJECT ADDED ENTRY--TOPICAL TERM | |
| Topical term or geographic name as entry element | Biology. |
| 650 #7 - SUBJECT ADDED ENTRY--TOPICAL TERM | |
| Topical term or geographic name as entry element | Biologia Geral |
| 942 ## - ADDED ENTRY ELEMENTS (KOHA) | |
| Source of classification or shelving scheme | Dewey Decimal Classification |
| Koha item type | Books |
| Source of classification or shelving scheme | Damaged status | Not for loan | Home library | Current library | Shelving location | Date of accession | Total Checkouts | Full call number | Barcode | Date last seen | Date checked out | Copy number | Koha item type |
|---|---|---|---|---|---|---|---|---|---|---|---|---|---|
| Dewey Decimal Classification | JCC Rouf Library | JCC Rouf Library | General Stacks | 11/25/2023 | 1 | 574 WEI 1971 | 10205 | 01/15/2024 | 11/25/2023 | C -1 | Books |